LEADER 00760nam a2200181 i 4500 001 000000222098 003 CaOOAMICUS 005 20130902000000.0 008 130902s1785 it u000 u fre u 013 $a200995 026 $aS.S. x.x, uia; egfu (7) 1785 (A) 040 $aSeMil$bita 245 14$a[La pucelle d'Orléans. Poème en vingt-un chants]. 300 $a[4], 462, [2] p. 773 0 $aVoltaire <1694-1778>$tOeuvres completes de Voltaire. Tome 1. [-92.].$d[Kehl] : De l'Imprimerie de la Société Littéraire-typographique, 1785-1789.$g11$w()4088 850 $aSeMil 852 $aSeMil$W1$xVenegono$y1$m2Q IV 86 FA$j172444$B172444$CSeMilBibl$Z2$F182863 $8I 996 $6245$a[La pucelle d'Orléans. Poème en vingt-un chants]$9(OLS)http://semarc/title/318391 LEADER 01462nam a2200325 i 4500 001 000000117694 003 CaOOAMICUS 005 20050715000000.0 008 050715s1989 it u000 u ita u 013 $a90383 020 $a88-7746-427-5 040 $aSeMil$bita 100 1 $aHesse, Hermann,$d<1877-1962>.$0(OLS)http://semarc/name/19147 240 10$aFranz Von Assisi.$0(OLS)http://semarc/title/172811 245 10$aFrancesco d'Assisi /$cHermann Hesse ; traduzione di Barbara Griffini ; introduzione di Giorgio Zampa. 260 $aParma :$bGuanda,$ccopyr. 1989. 300 $a125 p. ;$c21 cm. 490 0 $aLa fenice 500 $aIn mezzo al front. : con otto miniature da un codice della Legenda maior di Bonaventura da Bagnoregio. - Dalla Biblioteca del Card. Giovanni Colombo. 600 04$aFrancesco : d'Assisi .$0(OLS)http://semarc/subject/1416 700 1 $aZampa, Giorgio,$d<1921-2008>.$0(OLS)http://semarc/name/8700 700 1 $aGriffini, Barbara.$0(OLS)http://semarc/name/49120 830 3$aLa fenice.$0(OLS)http://semarc/title/13968 850 $aSeMil 852 $aSeMil$W1$xVenegono$y1$m1W I 197$j73059$B73059$CSeMilBibl$Z2$F100382 $81 941 1 $a3 961 $aLascito: Colombo Card. Giovanni 996 $6020$a88-7746-427-5$9(OLS)http://semarc/number/102137 996 $6245$aFrancesco d'Assisi$9(OLS)http://semarc/title/49827 996 $6260$aParma :$bGuanda$9(OLS)http://semarc/publisher/31392